LEADER 01315nam a2200265 i 4500 001 000000185748 003 CaOOAMICUS 005 20210603110543.0 008 151201s2015 it u000 u ita u 013 $a163782 020 $a978-8899142131 040 $aSeMil$bita 245 03$aLa pił bella delle avventure :$bpadre Augusto Gianola 1930-1990, missionario del Pime in Amazzonia /$credazione Gerolamo Fazzini. 264 1$aLecco :$bTeka,$c2015. 300 $a128 p. ;$c25 cm. 500 $aSul verso del front.: Questo libro correda e sviluppa la mostra fotografica dedicata a padre Augusto Gianola nel 25. della sua morte ed esposta per la prima volta a Lecco dal 5 al 21 novembre 2015 600 14$aGianola, Augusto .$0(OLS)http://semarc/subject/19003 700 1 $aFazzini, Gerolamo <1962- >.$0(OLS)http://semarc/name/90749 850 $aSeMil 852 $aSeMil$W1$xVenegono$y1$m3G IV 366$j136439$B136439$CSeMilBibl$Z2$F147969 $81 961 $aOmaggio: Altro 996 $6020$a978-8899142131$9(OLS)http://semarc/number/175938 996 $6245$aLa pił bella delle avventure :$bpadre Augusto Gianola 1930-1990, missionario del Pime in Amazzonia$9(OLS)http://semarc/title/267011 996 $6264$aLecco :$bTeka$9(OLS)http://semarc/publisher/56580 LEADER 01031nam a2200217 i 4500 001 000000193345 003 CaOOAMICUS 005 20161219000000.0 008 161219n it u000 u ita u 013 $a171985 040 $aSeMil$bita 245 13$aLa Resistenza italiana nei lager nazisti. 260 $aRoma :$ba cura della Associazione nazionale ex internati,$c[196-?] 300 $aXIX, [94] p. :$bill. ;$c20 x 22 cm. 650 4$aCampi di concentramento - Guerra mondiale - 1939-1945.$0(OLS)http://semarc/subject/26306 650 4$aGuerra mondiale <1939-1945> - Campi di concentramento - Prigionieri di guerra.$0(OLS)http://semarc/subject/31021 850 $aSeMil 852 $aSeMil$W1$xVenegono$y1$m3V I 62$j143919$B143919$CSeMilBibl$Z2$F216804 $81 961 $aOmaggio: Grampa dott. Cesare 996 $6245$aLa Resistenza italiana nei lager nazisti$9(OLS)http://semarc/title/278737 996 $6260$aRoma :$ba cura della Associazione nazionale ex internati$9(OLS)http://semarc/publisher/50471